|
|
|
|
| LEADER |
00000nab a2200000ua 4500 |
| 001 |
vtls010753609 |
| 003 |
SK-MaSNL |
| 005 |
20260304202730.0 |
| 008 |
250718s1963 xo |||||||||||||||||slo| |
| 035 |
|
|
|a (urnnbn)urn:nbn:sk:snk:ar-a00ukm
|
| 035 |
|
|
|a (uuid)e6571c06-69a2-4795-808f-37ec6bce437d
|
| 035 |
|
|
|a urn:nbn:sk:snk-ab4bkl
|
| 040 |
|
|
|a SNKBUCL
|b slo
|c SNKBUCL
|e AACR2
|
| 041 |
0 |
|
|a slo
|
| 044 |
|
|
|a xo
|c SK
|
| 100 |
1 |
|
|a Srieň, Peter,
|d 1925-1993
|4 aut
|9 80178
|
| 245 |
1 |
0 |
|a Pri poslednom zábere Výhybky
|c Peter Srieň
|
| 773 |
0 |
|
|t Film a divadlo
|g Roč. 7, č. 20 (1963), s. 10-11
|
| 850 |
|
|
|a Slovenská národná knižnica
|
| 852 |
|
|
|a Slovenská národná knižnica
|
| 954 |
|
|
|a odborná, vedecká literatúra pôvodná (slovenská)
|2 lita
|
| 958 |
|
|
|a article3
|
| 958 |
|
|
|a OND
|
| 958 |
|
|
|a EUIPO
|
| 999 |
|
|
|c 3105083
|d 3107013
|